| 000 | 00678nam a2200181 i 4500 | ||
|---|---|---|---|
| 001 | 66208 | ||
| 003 | ES-MaACL | ||
| 005 | 20230906165551.0 | ||
| 007 | t| | ||
| 008 | 040129s1942 sp ||||1| spa d | ||
| 100 | 1 |
_aGalán, Fernando. _953290 |
|
| 245 | 1 | 0 |
_aDiscurso sobre exposición y crítica de las "teorías de la determinación del sexo" _b: leído en la apertura del curso académico de 1942 a 1943 / _cpor Fernando Galán. |
| 260 |
_aSalamanca : _b[s.n.], _c1942 ( _fImp. Silverio Aguirre) |
||
| 300 |
_a52 p. ; _c21 cm. |
||
| 500 | _aPrecede al tít.: Universidad de Salamanca. | ||
| 710 | 2 |
_aUniversidad de Salamanca. _97275 |
|
| 852 |
_aES-MaACL _j1705-F-12 _bR.26547 |
||
| 999 |
_c66208 _d66208 |
||